Quiz sur le Tchad - Statistiques

Statistiques générales
  • Ce quiz a été pris 5 144 fois
  • Le résultat moyen est 14 sur 20
Statistiques - réponses
Question Réponse % Correct
Désert qui recouvre le tiers nord du Tchad Sahara
96%
Religion la plus pratiquée Islam
94%
Pays frontaliers Niger
92%
Pays frontaliers Soudan
92%
Pays frontaliers Libye
90%
Pays dont le drapeau est quasiment identique à celui du Tchad
Roumanie
89%
Langues officielles Français
86%
Pays frontaliers Nigeria
85%
Pays frontaliers Rép. Centrafricaine
84%
Langues officielles Arabe
76%
Capitale Ndjamena
76%
Devise monétaire Franc {CFA}
74%
Pays frontaliers Cameroun
71%
Produit qui représente 96% des exportations du Tchad Pétrole
67%
Le Tchad tient son nom d'un ____ qu'il partage avec 3 autres pays Lac
63%
Frontière sud semi-aride de celui-ci, qui recouvre le sud du Tchad Sahel
53%
Le Tchad est le troisième pays _____ par la superficie, derrière le Kazakhstan ainsi que la Mongolie Enclavé
34%
Type de mariage qui concerne 39% des femmes au Tchad Polygamie
30%
Principal groupe ethnique représentant 30% des tchadiens (également un prénom signifiant princesse en hébreu) Sara
27%
Fossile appartenant à la lignée humaine et daté à 7 millions d'années qui fut découvert au Tchad en 2001, en faisant le « berceau de l'humanité » T{oumaï}
21%
Aucun quiz correspondant
Distribution des résultats
% des personnes avec chaque résultat
Percentile par nombre de réponses
Votre historique - résultats
Vous n’avez pas pris ce quiz